Online katalóg knižníc regiónu Turca

Česť a sláva 1 (Record no. 21081)

MARC details
000 -LEADER
fixed length control field 01437cam a2200421 a 4500
001 - CONTROL NUMBER
control field 21081
003 - CONTROL NUMBER IDENTIFIER
control field VRT
005 - DATE AND TIME OF LATEST TRANSACTION
control field 20260212145214.0
008 - FIXED-LENGTH DATA ELEMENTS--GENERAL INFORMATION
fixed length control field 180815s1980 xo 0000f slo
015 ## - NATIONAL BIBLIOGRAPHY NUMBER
National bibliography number SNBA1981
020 ## - INTERNATIONAL STANDARD BOOK NUMBER
Qualifying information (viaz.)
035 ## - SYSTEM CONTROL NUMBER
System control number SNK000044022
039 #9 - LEVEL OF BIBLIOGRAPHIC CONTROL AND CODING DETAIL [OBSOLETE]
Level of rules in bibliographic description 202203130823
Level of effort used to assign nonsubject heading access points csnk01
Level of effort used to assign subject headings 202203130817
Level of effort used to assign classification csnk01
Level of effort used to assign subject headings 202203130813
Level of effort used to assign classification csnk01
Level of effort used to assign subject headings 201808151727
Level of effort used to assign classification VLOAD
040 ## - CATALOGING SOURCE
Original cataloging agency SNK
Language of cataloging slo
Transcribing agency SNK
Description conventions AACR2
041 1# - LANGUAGE CODE
Language code of text/sound track or separate title slo
Language code of original pol
044 ## - COUNTRY OF PUBLISHING/PRODUCING ENTITY CODE
MARC country code xo
ISO country code SK
080 ## - UNIVERSAL DECIMAL CLASSIFICATION NUMBER
Universal Decimal Classification number 884-3
Edition identifier 1981
100 1# - MAIN ENTRY--PERSONAL NAME
Personal name Iwaszkiewicz, Jarosław,
Dates associated with a name 1894-1980
Relationship aut
240 10 - UNIFORM TITLE
Uniform title Sława i chwała
Language of a work Slovensky
245 0# - TITLE STATEMENT
Title Česť a sláva 1
Statement of responsibility, etc. Jaroslaw Iwaszkiewicz ; z poľského originálu Sława i chwała ... preložil Matej Andráš
250 ## - EDITION STATEMENT
Edition statement 1. vyd.
260 ## - PUBLICATION, DISTRIBUTION, ETC.
Place of publication, distribution, etc. Bratislava
Name of publisher, distributor, etc. Slovenský spisovateľ
Date of publication, distribution, etc. 1980
Place of manufacture Košice
Manufacturer Východoslovenské tlačiarne
300 ## - PHYSICAL DESCRIPTION
Extent 535 s.
Dimensions 20 cm
366 ## - TRADE AVAILABILITY INFORMATION
Note 13000 výtl.
490 1# - SERIES STATEMENT
Series statement Vavrín
655 #7 - INDEX TERM--GENRE/FORM
Genre/form data or focus term poľské romány
Source of term SNKPH
655 #7 - INDEX TERM--GENRE/FORM
Genre/form data or focus term historické romány
Source of term SNKPH
700 1# - ADDED ENTRY--PERSONAL NAME
Personal name Andráš, Matej,
Dates associated with a name 1921-2012
Relationship trl
700 1# - ADDED ENTRY--PERSONAL NAME
Personal name Sedlák, Ján,
Dates associated with a name 1914-2007
Relationship aft
830 #0 - SERIES ADDED ENTRY--UNIFORM TITLE
Uniform title Vavrín
910 ## - USER-OPTION DATA (OCLC)
User-option data snk
942 ## - ADDED ENTRY ELEMENTS (KOHA)
Source of classification or shelving scheme Dewey Decimal Classification
Koha item type Krásna literatúra pre dospelých
Suppress in OPAC No
949 ## - LOCAL PROCESSING INFORMATION (OCLC)
6 270001000488072
a svkbbA 25793-1
b svkbbm 383974
949 ## - LOCAL PROCESSING INFORMATION (OCLC)
6 17A0709086
a snkSC 52233/1 D1
b snkKSP 3024/81
949 ## - LOCAL PROCESSING INFORMATION (OCLC)
6 3830001004376
a kurukT16/IWAS1-1
949 ## - LOCAL PROCESSING INFORMATION (OCLC)
6 3869A10907
a bpksh821.161.2-31
b bpksh66628
Holdings
Stav vyradenia Strata Poškodenie Spôsob nadobudnutia Domovská knižnica Aktuálna knižnica Dátum nadobudnutia Total checkouts Čiarový kód exemplára Date last seen Typ exemplára
      Dar Obecná knižnica Horná Štubňa Obecná knižnica Horná Štubňa 12.02.2026   4736201246 12.02.2026 Krásna literatúra pre dospelých
Projekt je podporený Slovenskou asociáciou knižníc
Prevádzkuje Turčianska knižnica Martin 2026